La diplomacia occidental y la crisis de refugiados de Kosovo /

Gespeichert in:
Bibliographische Detailangaben
1. Verfasser: Barutciski, Michael
Format: Text
Tags: Tag hinzufügen
Keine Tags, Fügen Sie den ersten Tag hinzu!

MARC

LEADER 00000 a a2200000 04500
001 48463
003
040
100 |a Barutciski, Michael  
245 |a La diplomacia occidental y la crisis de refugiados de Kosovo /  |c Michael Barutciski  
773 |g número5, (1999), páginas 8-10  
999 |c 31024  |d 31024